00954 2200169 4500245003000000020002200030250001100052100001400063650001700077005001900094260004200113041001400155084000800169300002300177500057500200336000900775 aMataharicTere LiyehText a978-602-03-3211-6 aCet. 2 aTere Liye aNovel Remaja a20240110145815 aJakartabGramedia Pustaka Utamac2016 aIndonesia a813 a400 hlm. :c20 cm. aNamanya Ali, 15 tahun, kelas X. Jika saja orangtuanya mengizinkan, seharusnya dia sudah duduk di tingkat akhir ilmu fisika program doktor di universitas ternama. Ali tidak menyukai sekolahnya, guru-gurunya, teman-teman sekelasnya. Semua membosankan baginya. Tapi sejak dia mengetahui ada yang aneh pada diriku dan Seli, teman sekelasnya, hidupnya yang membosankan berubah seru. Aku bisa menghilang dan Seli bisa mengeluarkan petir. Ali sendiri punya rahasia kecil. Dia bisa berubah menjadi petarung raksasa. Kami bertiga kemudian bertualang ke tempat-tempat menakjubkan. atext